Chemical and biological regulation of aquatic systems
Αποθηκεύτηκε σε:
| Άλλοι συγγραφείς: | , |
|---|---|
| Μορφή: | Βιβλίο |
| Γλώσσα: | English |
| Δημοσίευση: |
Boca Raton :
Lewis,
1993
|
| Θέματα: | |
| Ετικέτες: |
Προσθήκη ετικέτας
Δεν υπάρχουν, Καταχωρήστε ετικέτα πρώτοι!
|
MARC
| LEADER | 00000nam a2200000 i 4500 | ||
|---|---|---|---|
| 001 | 1/93077 | ||
| 008 | 940330s1993 eng d | ||
| 020 | |a 0-87371-448-2 | ||
| 035 | |l 10008705 | ||
| 040 | |a GR-MY-UA |b gre |e aacr | ||
| 041 | 0 | |a eng | |
| 082 | 0 | |a 551.48 |2 (21) | |
| 245 | 1 | 0 | |a Chemical and biological regulation of aquatic systems / |c edited by Jacques Buffle; Richard R. De Vitre |
| 260 | |a Boca Raton : |b Lewis, |c 1993 | ||
| 300 | |a 385 p. |b tables; fig. | ||
| 504 | |a Includes bibliographical references and index. | ||
| 650 | 0 | 0 | |a Water chemistry. |
| 650 | 0 | 0 | |a Water |x Microbiology. |
| 650 | 0 | 0 | |a Water quality. |
| 700 | 1 | |a Buffle, J. |q (Jacques) |d 1943- |4 edt | |
| 700 | 1 | |a De Vitre, Richard R. |4 edt | |
| 852 | |a INST |b LESVOS |e 19940330 |h 551.48 CHE |p 005100006124 |q 005100006124 |t BK |y 0 | ||
| 909 | |a Λ |b 035058 | ||